Music Quiz

Random Music or Billboard Quiz

Countries with #1 Billboard Hot 100 Singles Quiz Stats

Quiz Updated Dec 30, 2017

Challenge
Share
Tweet
Embed
Score 0/25 Timer 03:00
0 Plays Today
#1's Country % Correct
951United States
99.3%
170United Kingdom
98.5%
28Canada
93.2%
1 (1968)France
92.4%
5Germany
90.9%
3Spain
88.7%
16Australia
84.3%
1 (1963)Japan
82.7%
1 (1958)Italy
81.7%
7Sweden
79.8%
4Ireland
76.2%
2 (2011, 2013)New Zealand
66.7%
1 (1985)Norway
66.3%
#1's Country % Correct
1 (1943)Argentina
60.3%
1 (1968)South Africa
59.8%
1 (1955)Cuba
53.4%
3The Netherlands
51.7%
1 (1982)Greece
50.8%
2 (1950, 1986)Austria
47.5%
7Jamaica
47.3%
1 (1963)Belgium
43.4%
1 (2006)Colombia
42.2%
1 (2006)Haiti
28.7%
11Barbados
22%
1 (1985)Czechia
17.6%

You're not logged in!

Compare scores with friends on all Sporcle quizzes.
Sign Up with Email
OR
Log In

You Might Also Like...

Show Comments

Extras

Top Quizzes Today


Score Distribution

Your Account Isn't Verified!

In order to create a playlist on Sporcle, you need to verify the email address you used during registration. Go to your Sporcle Settings to finish the process.